000 00559nam a2200169Ia 4500
008 230718s9999 xx 000 0 und d
020 _a9781788472173
041 _aeng
082 _a006.3
_bDES
100 _aDeshpande A.
_9107363
245 _aArtificial Intelligence For Big Data
_bComplete Guide To Automating Big Data Solutions Using Artificial Intelleigence Techniques
260 _c2018
_bPackt
300 _a367
365 _cRs.
_b1099.00
700 _aDeshpande A. & Kumar M.
_9200950
906 _dO:0601504-Aug-2018B:IN23918-Jul-2018
_cCOMP
_b219.8
999 _c348016
_d348016